AV Bridge - Which Port? - Statistics

General Stats
  • This quiz has been taken 25 times
  • The average score is 7 of 10
Answers on the Map
Answers color-coded by a green-red scale on the quiz's map according to % correct below.
 
Answer Stats
Answer % Correct
Network
90%
Power
90%
Camera
80%
Camera Preset
80%
PC
80%
Right Input to DMPS
80%
Right Output from DMPS
70%
Left Input to DMPS
60%
Panopto
60%
Left Output from DMPS
40%
No matching quizzes found
Score Distribution
Percent of People with Each Score
Percentile by Number Answered
Your Score History
You have not taken this quiz